000 00825nam a22002297a 4500
999 _c567
_d567
003 AR-CdUCM
008 190225b ||||| |||| 00| 0 spa d
020 _a9506141002
040 _aMUNICIPALIDAD PROVINCIAL DEL CUSCO
_cBIBLIOTECA MUNICIPAL DEL CUSCO
082 _a868.5 /
_bEC17
100 _aEchegaray, José
_92207
245 _aEl gran Galeoto :
_bdrama en tres actos y en verso, precedido de un diálogo en prosa /
_cJosé Echegaray
260 _aArgentina :
_bEd. Orbis Hyspamerica,
_c2001.
300 _a288 página ;
_c20 cm.
440 _aPremio Nobel 1904
_n39
_92208
505 _aContenido: Gabinete de estudio -- un balcón -- una puerta -- una mesa con papeles, libros ...
650 _aLiteratura
_983
650 _aVersos
_92209
650 _aProsa
_92210
942 _2ddc
_cLIBROS
945 _aachl
_d2019-02-25